Sociología del trabajo en la Argentina (Registro nro. 22673)

Detalles MARC
000 -LEADER
fixed length control field 00379 a2200121 4500
001 - CONTROL NUMBER
control field ART_4821
005 - DATE AND TIME OF LATEST TRANSACTION
control field 20260410161825.0
008 - FIXED-LENGTH DATA ELEMENTS--GENERAL INFORMATION
fixed length control field 260409a
100 1# - MAIN ENTRY--PERSONAL NAME
Personal name Catalano, Ana M.
245 10 - TITLE STATEMENT
Title Sociología del trabajo en la Argentina
700 1# - ADDED ENTRY--PERSONAL NAME
Personal name Novick, Marta
773 0# - HOST ITEM ENTRY
Title Revista de trabajo
Related parts Sociología del trabajo - Año 2, Nº 8 (jul./dic. 1995)
Record control number REV4713

No hay ítems disponibles.